|
|
|
|
| LEADER |
01270nam a2200325 a 4500 |
| 001 |
000115328 |
| 003 |
CZ BrMZK |
| 005 |
20230214092621.0 |
| 007 |
ta |
| 008 |
960815s1996 xr f cze d |
| 015 |
|
|
|a cnb000204149
|
| 020 |
|
|
|a 80-210-1446-6
|
| 035 |
|
|
|a (OCoLC)37673671
|
| 040 |
|
|
|a BOA001
|b cze
|
| 080 |
|
|
|a 378.245:001.87
|2 MRF
|
| 080 |
|
|
|a 001.87:378.245
|2 MRF
|
| 100 |
1 |
|
|a Nekuda, Jaroslav,
|d 1956-
|7 js20080420011
|4 aut
|
| 245 |
1 |
0 |
|a O metodice zpracování bakalářských a diplomových prací v ekonomických oborech a vhodných informačních zdrojích /
|c Jaroslav Nekuda, Antonín Slaný
|
| 250 |
|
|
|a 1. vyd.
|
| 260 |
|
|
|a Brno :
|b Masarykova univerzita,
|c 1996
|
| 300 |
|
|
|a 97 s. ;
|c 20 cm
|
| 504 |
|
|
|a Obsahuje bibliografii
|
| 653 |
0 |
|
|a bakalářské práce
|a diplomové práce
|
| 700 |
1 |
|
|a Slaný, Antonín,
|d 1955-
|7 jn99240001089
|4 aut
|
| 910 |
|
|
|a BOA001
|b 2-1027.664
|b PK-0127.669
|
| 964 |
|
|
|a Práce bakalářské
|x zpracování
|x metodiky
|
| 964 |
|
|
|a Práce diplomové
|x zpracování
|x metodiky
|
| 990 |
|
|
|a BK
|
| 996 |
6 |
|
|b 2610930751
|c 2-1027.664
|l MZK
|r Sklad / do 1 hodiny
|n 0
|p dar
|w 000115328
|u 000030
|a 1
|e BOA001
|j MZK50
|s P
|
| 996 |
7 |
|
|b 3119008076
|c PK-0127.669
|l MZK
|r Sklad / do 1 hodiny
|n 34
|p kup
|w 000115328
|u 000020
|a 1
|e BOA001
|j MZK50
|s A
|